|
|
|
|
| LEADER |
00000nam0a2200000 4500 |
| 001 |
363311 |
| 005 |
20231102011558.0 |
| 035 |
|
|
|a (RuTPU)RU\TPU\retro\20658
|
| 090 |
|
|
|a 363311
|
| 100 |
|
|
|a 20210927d1980 km y0rusy50 ca
|
| 101 |
0 |
|
|a rus
|
| 102 |
|
|
|a UA
|
| 105 |
|
|
|a a z 001zy
|
| 200 |
1 |
|
|a Обработка сейсмической информации на ЭВМ
|f В. А. Дядюра, Н. Т. Турчаненко, Н. К. Кившик [и др.]
|
| 210 |
|
|
|a Киев
|c Технiка
|d 1980
|
| 215 |
|
|
|a 183 с.
|c ил.
|
| 320 |
|
|
|a Библиогр.: с. 177-180
|
| 606 |
1 |
|
|a Сейсмическая разведка
|x Обработка результатов
|2 stltpush
|3 (RuTPU)RU\TPU\subj\54344
|9 72501
|
| 610 |
1 |
|
|a сейсморазведочные данные
|
| 610 |
1 |
|
|a сейсмическая информация
|
| 610 |
1 |
|
|a обработка на ЭВМ
|
| 610 |
1 |
|
|a кодирование
|
| 610 |
1 |
|
|a отображение
|
| 610 |
1 |
|
|a автономные устройства
|
| 610 |
1 |
|
|a фильтрация
|
| 610 |
1 |
|
|a наблюдения
|
| 610 |
1 |
|
|a пространственные системы
|
| 675 |
|
|
|a 550.834.05
|v 4
|
| 701 |
|
1 |
|a Дядюра
|b В. А.
|g Виталий Алексеевич
|
| 701 |
|
1 |
|a Турчаненко
|b Н. Т.
|g Николай Тимофеевич
|
| 701 |
|
1 |
|a Кившик
|b Н. К.
|g Николай Кузьмич
|
| 701 |
|
1 |
|a Будкевич
|b В. Б.
|g Владимир Борисович
|
| 701 |
|
1 |
|a Золотаренко
|b В. Я.
|g Виктор Яковлевич
|
| 801 |
|
1 |
|a RU
|b 63413507
|c 20210927
|
| 942 |
|
|
|c BK
|